• 首页
  • 本馆介绍
  • 公告通知
  • 最新文献
  • 馆藏检索
  • 电子资源
  • 读者导购
  • 参考咨询
  • 我的图书馆
  • 登录
  • 详细信息显示
  • 放入我的书架
  • 预约/预借图书
  • 作者相关作品
  • 分类相关作品
  • 丛书相关作品
  • 出版社相关作品

书目信息

  • 表格格式
  • 工作单格式
  • 卡片格式
题名:
水处理设备实用手册
    
 
作者: 宋业林 , 宋襄翎 编著
分册:  
出版信息: 北京   中国石化出版社  2004
页数: 12,783页
开本: 26cm
丛书名:
单 册:
中图分类: TU991.2
科图分类:
主题词: 水处理设施
电子资源:
ISBN: 7-80164-553-7
000 00807nam0 2200229 45
001 002704082
005 20050412152954.9
010    @a7-80164-553-7@dCNY120.00
100    @a20040820d2004 em y0chiy0110 ea
101 0  @achi
102    @aCN@b110000
105    @aa z 000yy
200 1  @a水处理设备实用手册@Ashui chu li she bei shi yong shou ce@f宋业林,宋襄翎编著@FSong Ye Lin,Song Xiang Ling Bian Zhu
210    @a北京@c中国石化出版社@d2004
215    @a12,783页@c图@d26cm
330    @a本手册系统地介绍了水处理工艺常用的设备和器材,主要包括给水处理设备、工艺水处理设备、污水处理设备、水处理器材、专用设备和通用设备及技术数据等。
606 0  @a水处理设施
690    @aTU991.2@v4
701  0 @a宋业林@4编著
701  0 @a宋襄翎@4编著
801  0 @aCN@bNLC@c20040914
905    @f5@b348900-904@dTU991.2@e166
    
    水处理设备实用手册/宋业林,宋襄翎编著.-北京:中国石化出版社,2004
    12,783页:图;26cm
    
    
    ISBN 7-80164-553-7:CNY120.00
    本手册系统地介绍了水处理工艺常用的设备和器材,主要包括给水处理设备、工艺水处理设备、污水处理设备、水处理器材、专用设备和通用设备及技术数据等。
●
相关链接 在E读中查询图书 在五车中查询图书 在当当中查询图书 在豆瓣中查询图书


正题名:水处理设备实用手册     索取号:TU991.2/166         预约/预借

序号 登录号 条形码 馆藏地/架位号 状态 备注
1 0348900   203489000   第二样本阅览室/ [索取号:TU991.2/166] 在馆    
2 0348901   203489019   第三借阅区/ [索取号:TU991.2/166] 在馆    
3 0348902   203489028   第三借阅区/ [索取号:TU991.2/166] 在馆    
4 0348903   203489037   第三借阅区/ [索取号:TU991.2/166] 在馆    
5 0348904   203489046   第三借阅区/ [索取号:TU991.2/166] 在馆    
唐山师范学院图书馆 欢迎您!
大连网信软件有限公司© 版权所有